000 00499nam a2200181Ia 4500
005 20250326143148.0
008 250326s9999 xx 000 0 und d
037 _aTextbook
040 _aFMSL
_beng
_cFMSL
041 _aeng
_2eng
084 _aX61.1 M1
_qFMSL
100 _aKindleberger C
_9747269
245 0 _aInternational Money
_cKindleberger C
260 _aBoston
_bBoston, George Allen & Unwin
_c1981
300 _a341p
942 _cTB
_hX61.1 M1
999 _c1298387
_d1298387